<?xml version="1.0" encoding="UTF-8"?>
<record
    xmlns:xsi="http://www.w3.org/2001/XMLSchema-instance"
    xsi:schemaLocation="http://www.loc.gov/MARC21/slim http://www.loc.gov/standards/marcxml/schema/MARC21slim.xsd"
    xmlns="http://www.loc.gov/MARC21/slim">

  <leader>00968nam a22002537a 4500</leader>
  <datafield tag="952" ind1=" " ind2=" ">
    <subfield code="a">0002</subfield>
    <subfield code="b">0002</subfield>
    <subfield code="d">2021-11-02</subfield>
    <subfield code="l">0</subfield>
    <subfield code="o">923.2 K44b 2019</subfield>
    <subfield code="p">P00900</subfield>
    <subfield code="r">2021-11-02 00:00:00</subfield>
    <subfield code="w">2021-11-02</subfield>
    <subfield code="x">Kemal K&#x131;l&#x131;&#xE7;daro&#x11F;lu ba&#x11F;&#x131;&#x15F;&#x131;d&#x131;r.</subfield>
    <subfield code="y">BKS</subfield>
  </datafield>
  <datafield tag="999" ind1=" " ind2=" ">
    <subfield code="c">14582</subfield>
    <subfield code="d">14582</subfield>
  </datafield>
  <controlfield tag="003">MIRAKIL</controlfield>
  <controlfield tag="005">20211102140038.0</controlfield>
  <controlfield tag="008">211102b        tu ||||| |||| 00| 0 tur d</controlfield>
  <datafield tag="020" ind1=" " ind2=" ">
    <subfield code="a">9786059905152</subfield>
  </datafield>
  <datafield tag="040" ind1=" " ind2=" ">
    <subfield code="a">TR-AnCHP</subfield>
    <subfield code="c">TR-AnCHP</subfield>
  </datafield>
  <datafield tag="041" ind1=" " ind2=" ">
    <subfield code="a">Tur</subfield>
  </datafield>
  <datafield tag="082" ind1=" " ind2=" ">
    <subfield code="a">923.2</subfield>
    <subfield code="b">K44b 2019</subfield>
  </datafield>
  <datafield tag="100" ind1=" " ind2=" ">
    <subfield code="a">K&#x131;l&#x131;&#xE7;, &#x15E;irin Mine</subfield>
  </datafield>
  <datafield tag="245" ind1="1" ind2="0">
    <subfield code="a">Benim sevgili ba&#x15F;kan&#x131;m Ekrem &#x130;mamo&#x11F;lu:</subfield>
    <subfield code="b">S&#x131;rad&#x131;&#x15F;&#x131; bir ba&#x15F;ar&#x131; ve liderlik &#xF6;yk&#xFC;s&#xFC;/</subfield>
    <subfield code="c">&#x15E;irin Mine K&#x131;l&#x131;&#xE7;.</subfield>
  </datafield>
  <datafield tag="246" ind1=" " ind2=" ">
    <subfield code="a">s&#x131;rad&#x131;&#x15F;&#x131; bir ba&#x15F;ar&#x131; ve liderlik &#xF6;yk&#xFC;s&#xFC;</subfield>
  </datafield>
  <datafield tag="250" ind1=" " ind2=" ">
    <subfield code="a">9. bs.</subfield>
  </datafield>
  <datafield tag="260" ind1=" " ind2=" ">
    <subfield code="a">&#x130;stanbul:</subfield>
    <subfield code="b">H&#xFC;manist Kitap Yay&#x131;nc&#x131;l&#x131;k,</subfield>
    <subfield code="c">2019.</subfield>
  </datafield>
  <datafield tag="300" ind1=" " ind2=" ">
    <subfield code="a">219 s.:</subfield>
    <subfield code="b">fotg.</subfield>
    <subfield code="c">21 sm.</subfield>
  </datafield>
  <datafield tag="600" ind1=" " ind2="0">
    <subfield code="9">6106</subfield>
    <subfield code="a">&#x130;mamo&#x11F;lu, Ekrem</subfield>
    <subfield code="c">&#x130;stanbul B&#xFC;y&#xFC;k&#x15F;ehir Belediye Ba&#x15F;kan&#x131;</subfield>
    <subfield code="d">1970-</subfield>
    <subfield code="x">Ya&#x15F;am&#xF6;yk&#xFC;s&#xFC;</subfield>
  </datafield>
  <datafield tag="600" ind1=" " ind2="0">
    <subfield code="9">5793</subfield>
    <subfield code="a">Cumhuriyet Halk Partisi (CHP)</subfield>
    <subfield code="x">Yerel Y&#xF6;netimler</subfield>
  </datafield>
  <datafield tag="650" ind1=" " ind2="0">
    <subfield code="9">981</subfield>
    <subfield code="a">yerel y&#xF6;netimler </subfield>
    <subfield code="x">Belediye ba&#x15F;kanlar&#x131;</subfield>
  </datafield>
  <datafield tag="740" ind1=" " ind2=" ">
    <subfield code="a">s&#x131;rad&#x131;&#x15F;&#x131; bir ba&#x15F;ar&#x131; ve liderlik &#xF6;yk&#xFC;s&#xFC;</subfield>
  </datafield>
  <datafield tag="942" ind1=" " ind2=" ">
    <subfield code="2">ddc</subfield>
    <subfield code="c">BKS</subfield>
  </datafield>
</record>
